Real reading : (Record no. 12292)
[ view plain ]
| 000 -LEADER | |
|---|---|
| fixed length control field | 01451cam a22003735a 4500 |
| 003 - CONTROL NUMBER IDENTIFIER | |
| control field | EG-ScBUE |
| 005 - DATE AND TIME OF LATEST TRANSACTION | |
| control field | 20220529095624.0 |
| 008 - FIXED-LENGTH DATA ELEMENTS--GENERAL INFORMATION | |
| fixed length control field | 090709r20142008enka f 000 0 eng d |
| 020 ## - INTERNATIONAL STANDARD BOOK NUMBER | |
| International Standard Book Number | 9780521702027 (v. 1) |
| 020 ## - INTERNATIONAL STANDARD BOOK NUMBER | |
| International Standard Book Number | 9780521702041 (v. 2) |
| 020 ## - INTERNATIONAL STANDARD BOOK NUMBER | |
| International Standard Book Number | 9780521705738 (v. 3) |
| 020 ## - INTERNATIONAL STANDARD BOOK NUMBER | |
| International Standard Book Number | 9780521705752 (v. 4) |
| 040 ## - CATALOGING SOURCE | |
| Original cataloging agency | EG-ScBUE |
| Language of cataloging | eng |
| Description conventions | rda |
| Transcribing agency | EG-ScBUE |
| Modifying agency | EG-ScBUE |
| 082 04 - DEWEY DECIMAL CLASSIFICATION NUMBER | |
| Classification number | 428.24 |
| Item number | DRI |
| Edition number | 22 |
| 100 1# - MAIN ENTRY--PERSONAL NAME | |
| Personal name | Driscoll, Liz, |
| Relator term | author. |
| 9 (RLIN) | 21361 |
| 245 10 - TITLE STATEMENT | |
| Title | Real reading : |
| Remainder of title | with answers / |
| Statement of responsibility, etc | Liz Driscoll. |
| 250 ## - EDITION STATEMENT | |
| Edition statement | Fifth printing. |
| 264 #1 - PUBLICATION, DISTRIBUTION, ETC. (IMPRINT) | |
| Place of publication, distribution, etc | Cambridge : |
| Name of publisher, distributor, etc | Cambridge University Press, |
| Date of publication, distribution, etc | 2014. |
| 300 ## - PHYSICAL DESCRIPTION | |
| Extent | 4 volumes : |
| Other physical details | illustrations ; |
| Dimensions | 25 cm. |
| 336 ## - CONTENT TYPE | |
| Source | rdacontent |
| Content type term | text |
| Content type code | txt |
| 337 ## - MEDIA TYPE | |
| Source | rdamedia |
| Media type term | unmediated |
| Media type code | n |
| 338 ## - CARRIER TYPE | |
| Source | rdacarrier |
| Carrier type term | volume |
| Carrier type code | nc |
| 490 0# - SERIES STATEMENT | |
| Series statement | Cambridge English skills |
| 505 0# - FORMATTED CONTENTS NOTE | |
| Formatted contents note | Volume 1 -- Volume 2 -- Volume 3 -- Volume 4. |
| 520 ## - SUMMARY, ETC. | |
| Summary, etc | Develop the skills you need to read confidently at home, at work, travelling, studying or in social situations with English-speaking friends. This book covers a range of real-life everyday situations.<br/> |
| 521 ## - TARGET AUDIENCE NOTE | |
| Target audience note | A2 : Elementary. |
| 650 #7 - SUBJECT ADDED ENTRY--TOPICAL TERM | |
| Topical term or geographic name as entry element | English language |
| Form subdivision | Textbooks for foreign speakers. |
| Source of heading or term | BUEsh |
| 9 (RLIN) | 13993 |
| 650 #7 - SUBJECT ADDED ENTRY--TOPICAL TERM | |
| Topical term or geographic name as entry element | English language |
| Form subdivision | Problems, exercises, etc. |
| Source of heading or term | BUEsh |
| 9 (RLIN) | 13812 |
| 650 #7 - SUBJECT ADDED ENTRY--TOPICAL TERM | |
| Topical term or geographic name as entry element | Reading comprehension. |
| Source of heading or term | BUEsh |
| 9 (RLIN) | 13995 |
| 651 ## - SUBJECT ADDED ENTRY--GEOGRAPHIC NAME | |
| Source of heading or term | BUEsh |
| 653 ## - INDEX TERM--UNCONTROLLED | |
| Resource For college | Humanities: English |
| Arrived date list | October2018 |
| 655 ## - INDEX TERM--GENRE/FORM | |
| Form subdivision | Reading book |
| 9 (RLIN) | 34232 |
| 942 ## - ADDED ENTRY ELEMENTS (KOHA) | |
| Source of classification or shelving scheme | Dewey Decimal Classification |
| Koha item type | Book - Borrowing |
| Withdrawn status | Lost status | Source of classification or shelving scheme | Damaged status | Not for loan | Collection code | Home library | Current library | Shelving location | Date acquired | Source of acquisition | Cost, normal purchase price | Serial Enumeration / chronology | Total Checkouts | Total Renewals | Full call number | Barcode | Date last seen | Date checked out | Price effective from | Koha item type | Public note |
|---|---|---|---|---|---|---|---|---|---|---|---|---|---|---|---|---|---|---|---|---|---|
| Dewey Decimal Classification | Baccah | Central Library | Central Library | Second Floor | 09/07/2009 | Purchase | 80.00 | 8050 | 1 | 4 | 428.24 DRI | 000017109 | 15/07/2025 | 28/10/2023 | 09/07/2009 | Book - Borrowing | v. 1 | ||||
| Dewey Decimal Classification | Baccah | Central Library | Central Library | Second Floor | 09/07/2009 | Purchase | 80.00 | 8050 | 2 | 1 | 428.24 DRI | 000017110 | 15/07/2025 | 02/12/2017 | 09/07/2009 | Book - Borrowing | v. 2 | ||||
| Dewey Decimal Classification | Baccah | Central Library | Central Library | Second Floor | 09/07/2009 | Purchase | 80.00 | 8050 | 428.24 DRI | 000017111 | 24/08/2022 | 09/07/2009 | Book - Borrowing | v. 3 | |||||||
| Dewey Decimal Classification | Baccah | Central Library | Central Library | Second Floor | 09/07/2009 | Purchase | 80.00 | 8050 | 428.24 DRI | 000017114 | 15/07/2025 | Book - Borrowing | v. 4 | ||||||||
| Dewey Decimal Classification | Baccah | Central Library | Central Library | Second Floor | 30/11/2010 | Purchase | 130.00 | 10710 | 2 | 5 | 428.24 DRI | 000022603 | 15/07/2025 | 28/10/2023 | 30/11/2010 | Book - Borrowing | v. 1 | ||||
| Dewey Decimal Classification | Baccah | Central Library | Central Library | Second Floor | 30/11/2010 | Purchase | 130.00 | 10710 | 1 | 2 | 428.24 DRI | 000022604 | 15/07/2025 | 13/01/2016 | 30/11/2010 | Book - Borrowing | v. 2 | ||||
| Dewey Decimal Classification | Baccah | Central Library | Central Library | Second Floor | 30/11/2010 | Purchase | 130.00 | 10710 | 1 | 428.24 DRI | 000022606 | 15/07/2025 | 10/07/2011 | 30/11/2010 | Book - Borrowing | v. 3 | |||||
| Dewey Decimal Classification | Baccah | Central Library | Central Library | Second Floor | 30/11/2010 | Purchase | 130.00 | 10710 | 1 | 428.24 DRI | 000022600 | 15/07/2025 | 06/09/2022 | 30/11/2010 | Book - Borrowing | v. 4 | |||||
| Dewey Decimal Classification | Baccah | Central Library | Central Library | Second Floor | 24/10/2016 | Purchase | 180.00 | 428.24 DRI | 000034420 | 15/07/2025 | NB - Book (Non borrowing) | v. 3 | |||||||||
| Dewey Decimal Classification | Baccah | Central Library | Central Library | Second Floor | 24/10/2016 | Purchase | 180.00 | 428.24 DRI | 000034421 | 24/08/2022 | Book - Borrowing | v. 3 | |||||||||
| Dewey Decimal Classification | Baccah | Central Library | Central Library | Second Floor | 24/10/2016 | Purchase | 180.00 | 428.24 DRI | 000034422 | 15/07/2025 | Book - Borrowing | v. 3 | |||||||||
| Dewey Decimal Classification | Baccah | Central Library | Central Library | Second Floor | 24/10/2016 | Purchase | 180.00 | 428.24 DRI | 000034423 | 15/07/2025 | Book - Borrowing | v. 3 |